Statistics for Quiz dos Países Católicos

Click here to take the quiz!

General Stats

  • This quiz has been taken 3,389 times
    (1,774 since last reset)
  • The average score is 27 of 47

Answer Stats

% País % Correct
61.0Brasil
98%
83.0Itália
94%
84.5Portugal
93%
69.6Espanha
93%
60.0França
91%
100Vaticano
90%
71.0Argentina
90%
81.0México
89%
55.0Chile
86%
75.1Colômbia
85%
73.0Venezuela
84%
76.0Peru
79%
88.0Paraguai
78%
76.0Bolívia
77%
74.0Equador
75%
85.8Polônia
71%
70.0Panamá
69%
51.7Cuba
68%
90.5San Marino
64%
82.3Mônaco
63%
58.0Bélgica
63%
78.3Irlanda
63%
58.8Áustria
61%
88.2Andorra
61%
62.0Costa Rica
60%
54.7Haiti
59%
88.6Malta
58%
50.0Nicarágua
58%
65.9Luxemburgo
56%
86.3Croácia
54%
57.0República Dominicana
51%
53.1Eslovênia
48%
62.0Eslováquia
44%
81.4Filipinas
43%
75.9Liechtenstein
42%
77.3Cabo Verde
40%
77.2Lituânia
36%
73.5São Tomé e Príncipe
33%
58.1Dominica
33%
61.3Santa Lúcia
33%
96.9Timor Leste
32%
80.7Guiné Equatorial
17%
50.0Gabão
14%
54.7Estados Federados da
Micronésia
13%
55.8Kiribati
13%
76.2Seychelles
13%
62.1Burundi
11%

Score Distribution

Percentile by Number Answered

Percent of People with Each Score

Your Score History

You have not taken this quiz since the last reset